Efectos de la migración interna sobre el sistema de asentamientos humanos de América Latina y el Caribe (Registro nro. 34762)
[ vista simple ]
| 000 -LEADER | |
|---|---|
| fixed length control field | 00386 a2200109 4500 |
| 001 - CONTROL NUMBER | |
| control field | ART_46684 |
| 005 - DATE AND TIME OF LATEST TRANSACTION | |
| control field | 20260410162040.0 |
| 008 - FIXED-LENGTH DATA ELEMENTS--GENERAL INFORMATION | |
| fixed length control field | 260409a |
| 100 1# - MAIN ENTRY--PERSONAL NAME | |
| Personal name | Rodríguez Vignoli, Jorge |
| 245 10 - TITLE STATEMENT | |
| Title | Efectos de la migración interna sobre el sistema de asentamientos humanos de América Latina y el Caribe |
| 773 0# - HOST ITEM ENTRY | |
| Title | Revista Cepal |
| Related parts | - Nº 123 (dic. 2017) |
| Record control number | REV45125 |
No hay ítems disponibles.